| 000 | 01512nam a2200361 a 4500 | ||
|---|---|---|---|
| 001 | ebr10657833 | ||
| 003 | CaPaEBR | ||
| 006 | m u | ||
| 007 | cr cn||||||||| | ||
| 008 | 120618s2013 enkad sb 001 0 eng d | ||
| 010 | _z 2012023047 | ||
| 020 | _z9781444332247 (hbk. : alk. paper) | ||
| 020 | _z9781118324837 (e-book) | ||
| 040 |
_aCaPaEBR _cCaPaEBR |
||
| 035 | _a(OCoLC)827207614 | ||
| 050 | 1 | 4 |
_aP96.T42 _bC626 2013eb |
| 082 | 0 | 4 |
_a302.23/1 _223 |
| 245 | 0 | 2 |
_aA companion to new media dynamics _h[electronic resource] / _cedited by John Hartley, Jean Burgess, and Axel Bruns. |
| 260 |
_aChichester ; _aMalden, Mass. : _bJohn Wiley & Sons, _cc2013. |
||
| 300 |
_axviii, 500 p. : _bill. (some col.) |
||
| 504 | _aIncludes bibliographical references and index. | ||
| 505 | 0 | _apt. 1. Approaches and antecedents -- pt. 2. Issues and identities -- pt. 3. Forms, platforms, and practices. | |
| 533 |
_aElectronic reproduction. _bPalo Alto, Calif. : _cebrary, _d2013. _nAvailable via World Wide Web. _nAccess may be limited to ebrary affiliated libraries. |
||
| 650 | 0 |
_aMass media _xTechnological innovations. |
|
| 650 | 0 | _aDigital media. | |
| 650 | 0 | _aSocial media. | |
| 655 | 7 |
_aElectronic books. _2local |
|
| 700 | 1 |
_aHartley, John, _d1948- |
|
| 700 | 1 |
_aBurgess, Jean _q(Jean Elizabeth) |
|
| 700 | 1 |
_aBruns, Axel, _d1970- |
|
| 710 | 2 | _aebrary, Inc. | |
| 856 | 4 | 0 |
_uhttp://site.ebrary.com/lib/rucke/Doc?id=10657833 _zAn electronic book accessible through the World Wide Web; click to view |
| 999 |
_c64900 _d64900 |
||